| Tag |
First Indicator |
Second Indicator |
Subfields |
| LEADER |
00000cam a2200000Ii 4500 |
| 001 |
in00001069460 |
| 005 |
20180209150227.0 |
| 008 |
881024s1988 txua b s000 0 eng d |
| 035 |
|
|
|a (OCoLC)ocm18660842
|
| 035 |
|
|
|9 AFN6258AM
|
| 040 |
|
|
|a IKM
|b eng
|e rda
|c IKM
|d AGL
|d OCLCQ
|d OCLCG
|d OCLCQ
|d OCLCA
|d OCLCF
|d OCLCQ
|d OCLCO
|d TXA
|
| 035 |
|
|
|a (OCoLC)18660842
|
| 043 |
|
|
|a n-us-tx
|
| 070 |
0 |
|
|a 100
|b T31S (1) no.1604
|
| 072 |
|
0 |
|a A500
|
| 082 |
0 |
4 |
|a 630.7
|
| 086 |
|
|
|a Z TA245.7 B873 no.1604
|2 txdocs
|
| 090 |
|
|
|a S603
|b .H57 1988
|
| 049 |
|
|
|a TXAM
|
| 100 |
1 |
|
|a Hipp, Billy W.,
|e author.
|
| 245 |
1 |
0 |
|a 35 years of farming systems research in the Texas Blackland /
|c by Billy W. Hipp and Benny J. Simpson.
|
| 246 |
3 |
|
|a Thirty-five years of farming systems research in the Texas Blackland
|
| 264 |
|
1 |
|a [College Station, Texas] :
|b [Texas Agricultural Experiment Station, Texas A & M University System],
|c [1988]
|
| 300 |
|
|
|a 24 pages :
|b illustrations (some color) ;
|c 28 cm
|
| 336 |
|
|
|a text
|b txt
|2 rdacontent
|
| 337 |
|
|
|a unmediated
|b n
|2 rdamedia
|
| 338 |
|
|
|a volume
|b nc
|2 rdacarrier
|
| 490 |
1 |
|
|a Bulletin / Texas Agricultural Experiment Station ;
|v 1604
|
| 500 |
|
|
|a "B-1604"--Cover.
|
| 500 |
|
|
|a "7-88"--Page 4 of cover.
|
| 504 |
|
|
|a Includes bibliographical references (page 24).
|
| 650 |
|
0 |
|a Crop rotation
|z Texas
|z Blacklands.
|
| 650 |
|
0 |
|a Crop yields
|z Texas
|z Blacklands.
|
| 650 |
|
0 |
|a Field experiments
|z Texas
|z Blacklands.
|
| 650 |
|
0 |
|a Crops
|z Texas
|z Blacklands.
|
| 650 |
|
0 |
|a Field crops
|z Texas
|z Blacklands.
|
| 650 |
|
0 |
|a Fertilizers
|z Texas
|z Blacklands.
|
| 650 |
|
7 |
|a Crop rotation.
|2 fast
|0 (OCoLC)fst00883927
|
| 650 |
|
7 |
|a Crop yields.
|2 fast
|0 (OCoLC)fst00883937
|
| 650 |
|
7 |
|a Crops.
|2 fast
|0 (OCoLC)fst00883965
|
| 650 |
|
7 |
|a Fertilizers.
|2 fast
|0 (OCoLC)fst00923266
|
| 650 |
|
7 |
|a Field crops.
|2 fast
|0 (OCoLC)fst00923817
|
| 650 |
|
7 |
|a Field experiments.
|2 fast
|0 (OCoLC)fst00923881
|
| 651 |
|
7 |
|a Texas
|z Blacklands.
|2 fast
|0 (OCoLC)fst01242965
|
| 700 |
1 |
|
|a Simpson, Benny J.,
|d 1928-1997.
|
| 710 |
2 |
|
|a Texas Agricultural Experiment Station,
|e issuing body.
|
| 710 |
2 |
|
|a Texas A & M University System,
|e issuing body.
|
| 776 |
0 |
8 |
|i Online version:
|a Hipp, Billy W.
|t 35 years of farming systems research in the Texas Blackland.
|d College Station, Tex. : Texas Agricultural Experiment Station, Texas A & M University System, [1988]
|w (OCoLC)865417587
|
| 830 |
|
0 |
|a Bulletin (Texas Agricultural Experiment Station) ;
|v 1604.
|
| 948 |
|
|
|a updated
|b h
|c 2018/02/09
|e zdobbs
|f 3:01:17 pm
|
| 948 |
|
|
|a C:BLW
|d 20040815
|
| 994 |
|
|
|a C0
|b TXA
|
| 999 |
f |
f |
|s 78e758fc-558c-3b48-9798-f9a7d2afafd5
|i 02f22367-6b12-30ad-b63b-7a4a9c010675
|t 0
|
| 952 |
f |
f |
|p noncirc
|a Texas A&M University
|b College Station
|c Cushing Memorial Library & Archives
|d Cushing: Texas A&M Publications (Remote Storage: 2-3 day retrieval)
|t 0
|e S603 .H57 1988
|h Library of Congress classification
|i unmediated -- volume
|
| 952 |
f |
f |
|p normal
|a Texas A&M University
|b College Station
|c Sterling C. Evans Library
|d Evans: Texas Documents (Annex 5th floor)
|t 0
|e Z TA245.7 B873 no.1604
|h Superintendent of Documents classification
|i unmediated -- volume
|m A14837510651
|
| 952 |
f |
f |
|p ric
|a Texas A&M University
|b Rellis Campus
|c Joint Library Facility
|d Remote Storage
|t 0
|e S603 .H57 1988
|h Library of Congress classification
|i unmediated -- volume
|m A14825094788
|
| 998 |
f |
f |
|a Z TA245.7 B873 no.1604
|t 0
|l Evans: Texas Documents (Annex 5th floor)
|
| 998 |
f |
f |
|a S603 .H57 1988
|t 0
|l Cushing: Texas A&M Publications (Remote Storage: 2-3 day retrieval)
|
| 998 |
f |
f |
|a S603 .H57 1988
|t 0
|l Remote Storage
|